Music Quiz

Random Music or Lyrics Quiz

Opening Lyrics Quiz Stats

 Plays Quiz not verified by Sporcle

Challenge
Share
Tweet
Embed
Score 0/12 Timer 06:00
0 Plays Today
Lyrics Song Title % Correct
Summer has come and past, the innocent can never lastWake Me Up When September Ends
63.9%
Coming out of my cage and I've been doing just fineMr. Brightside
62.3%
I've been roaming around always looking down at what I seeUse Somebody
59%
Standing in line to see the show tonight and there's a light on, heavy glowBy the Way
49.2%
I wish you would step back from that ledge my friendJumper
36.1%
That's great it starts with an earthquake, birds and snakes, an aeroplaneIt's the End of the World As We Know It
32.8%
Go ahead as you waste your days with thinkingMove Along
26.2%
I'm feeling rough, I'm feeling raw, I'm in the prime of my lifeTime to Pretend
18%
Johanna drove slowly into the cityA-Punk
6.6%
Something filled up, my heart is nothing, someone told me not to cryWake Up
6.6%
Breathing deeply walking backwards finding strength to call and ask herRoller Coaster
3.3%
Eyes are feeling heavy but they never seem to closeBreathing
1.6%

You're not logged in!

Compare scores with friends on all Sporcle quizzes.
OR
Log In

You Might Also Like...

Show Comments

Extras

Created Jun 14, 2011ReportNominate
Tags:Lyrics Quiz

Top Quizzes Today


Score Distribution

Your Account Isn't Verified!

In order to create a playlist on Sporcle, you need to verify the email address you used during registration. Go to your Sporcle Settings to finish the process.

Report this User

Report this user for behavior that violates our Community Guidelines.

Details: